Normal view
MARC view
Entry Personal Name
001 - CONTROL NUMBER
- control field: 1110
003 - CONTROL NUMBER IDENTIFIER
- control field: ARRUPE
005 - DATE AND TIME OF LATEST TRANSACTION
- control field: 20130924173603.0
008 - FIXED-LENGTH DATA ELEMENTS
- fixed length control field: 130924|| aca||aabn | a|a d
040 ## - CATALOGING SOURCE
- Original cataloging agency: ARRUPE
- Transcribing agency: ARRUPE
100 ## - HEADING--PERSONAL NAME
- Personal name: Rahner, Karl,
- Dates associated with a name: 1904-1984.
670 ## - SOURCE DATA FOUND
- Source citation: Work cat.: (ARRUPE)0: Rahner, Karl, 1904-1984., Dictionary of theology /, 1981.